000 00717nam a2200193Ii 4500
003 JO-AjNU
008 230605s9999||||xx |||||||||||||| ||und||
040 _aJO-AjNU
_bara
_erda
_cJO-AjNU
041 _aara
050 1 4 _aPJ6161 1964
100 3 _aموسى، سلامة,
_eauthor
_916952
245 0 0 _aالبلاغة العصرية واللغة العربية
264 3 1 _aالقاهرة: سلامة موسى للنشر والتوزيع، 1964
300 _a190ص
336 _atext
_btxt
_2rdacontent
337 _aunmediated
_bn
_2rdamedia
338 _avolume
_bnc
_2rdacarrier
650 4 _aالبلاغة العرصرية-اللغة العربية-البلاغة العصرية واللغة العربية
_916953
999 _aA5136
_c8704
_d8704